Statistics for Ölkə Xəritəsində Paytaxt haradadır?

Click here to take the quiz!

General Stats

  • This quiz has been taken 2 times
  • The average score is 9 of 15

Answer Stats

QuestionAnswer% Correct
Almaniyanın paytaxtı haradadır?
100%
Misirin paytaxtı haradadır?
100%
Avstraliyanın paytaxtı haradadır?
100%
Kanadanın paytaxtı haradadır?
100%
Türkiyənin paytaxtı haradır?
50%
Hindistanın paytaxtı haradadır?
50%
Braziliyanın paytaxtı haradadır?
50%
Fransanın paytaxtı haradadır?
50%
Çinin paytaxtı haradadır?
50%
İspaniyanın paytaxtı haradadır?
50%
İsveçin paytaxtı haradadır?
50%
Mərakeşin paytaxtı haradadır?
50%
Böyük Britaniyanın paytaxtı haradadır?
50%
Yaponiyanın paytaxtı haradadır?
50%
Amerika Birləşmiş Ştatlarının paytaxtı haradadır?
0%

Score Distribution

Percentile by Number Answered

Percent of People with Each Score

Your Score History

You have not taken this quiz